000 00405nam a2200169Ia 4500
008 180921t2015 xxu||||| |||| 00| 1 sin d
041 _asin
080 _aX8C31
_bGUN
100 _aGunasinghe, Siri
245 _aහෙවනැල්ල
246 _aHewanella
260 _bGodage
_aColombo
_c2015
300 _a156p., 21cm
942 _cBK
999 _c7658
_d7658
003 LK-CoDNM
040 _aLK-CoDNM
_dLK-CoDNM
_eLK-CoDNM